00583nam a2200157 a 450000100060000000300090000600800410001502000150005604000280007108200170009910000380011624501080015426000620026249000730032465000280039710416CO-ViMGA141112s2004 ck r 000 u spa d a9589028845 aCO-ViMGAbspacCO-ViMGA04a923.946 B35a1 aAvellaneda Navas ; Jose Ignacio, 10aLa expedición de Sebastián del Belalcázar al Mar del Norte y su llegada al Nuevo Reino de Granada aSantafé de Bogotá : bBanco de la República, c1992 aColección Bibliografia Banco de la República : Historia Colombia14aBELALCAZAR SEBASTIAN DE